=LDR 00000nam 2200000 4500 =001 001010 =005 20250712024659 =035 ##$$a 0010-0725000889 =007 ta =008 250712################a##########0#ind## =020 ##$$a 978-623-118-782-6 =082 ##$$a 398.209 598 =084 ##$$a 398.209 598 EMI b =100 #$$a Fransisca Emilia =245 1#$$a Berapa Banyak? /$c Fransisca Emilia =250 ##$$a Cetakan Kedua =260 ##$$a Rawamangun :$b Badan Pengembangan dan Pembinaan Bahasa,$c 2023 =300 ##$$a 24 hlm. : $b Ilus. ; $c 21x29,7 cm. =650 #4$$a Cerita anak- Indonesia =650 #4$$a Kesusastraan Anak =856 ##$$a TBM AS SUHADA